[Event "Petrolina Cordioli Memorial op"]
[Site "Petrolina"]
[Date "2007.10.21"]
[Round "6"]
[White "Dos Anjos, Genilson Pinheiro"]
[Black "Marques, Eder Thiago Morgado"]
[Result "0-1"]
[WhiteElo "1800"]
[BlackElo "1736"]
[PlyCount "46"]
[EventDate "2007.10.09"]
[EventType "swiss"]
[EventRounds "7"]
[EventCountry "BRA"]
[SourceTitle "EXT 2022"]
[Source "ChessBase"]
[SourceDate "2021.10.06"]
[SourceVersion "1"]
[SourceVersionDate "2021.10.06"]
[SourceQuality "1"]

1. d4 d5 2. c4 e6 3. Nc3 Nf6 4. Nf3 Nc6 5. e3 Bb4 6. Qb3 Bxc3+ 7. bxc3 0-0 8. cxd5 Qxd5 9. Bc4 Qd7 10. 0-0 Na5 11. Ne5 Nxb3 12. Nxd7 Nxa1 13. Nxf8 Kxf8 14. Bb2 Nc2 15. Bd3 Nxd4 16. cxd4 g6 17. e4 Bd7 18. Rd1 Rd8 19. d5 Ne8 20. dxe6 Bxe6 21. Rd2 Bc4 22. Ba3+ Kg8 23. Rb2 Rxd3 0-1

[Event "Petrolina Cordioli Memorial op"]
[Site "Petrolina"]
[Date "2007.10.20"]
[Round "4"]
[White "Dos Anjos, Genilson Pinheiro"]
[Black "Antunes, Bruno Pereira"]
[Result "0-1"]
[WhiteElo "1800"]
[BlackElo "1773"]
[PlyCount "67"]
[EventDate "2007.10.09"]
[EventType "swiss"]
[EventRounds "7"]
[EventCountry "BRA"]
[SourceTitle "EXT 2022"]
[Source "ChessBase"]
[SourceDate "2021.10.06"]
[SourceVersion "1"]
[SourceVersionDate "2021.10.06"]
[SourceQuality "1"]

1. d4 Nf6 2. c4 g6 3. Nf3 d5 4. Nc3 e6 5. e3 Bg7 6. Bd3 dxc4 7. Bxc4 0-0 8. 0-0 Nd5 9. Bd2 a6 10. Nxd5 exd5 11. Bd3 Qd6 12. Qb3 b6 13. Rac1 Nc6 14. a3 f5 15. Rfe1 Be6 16. Ng5 Rfe8 17. Nxe6 Rxe6 18. f3 Bh6 19. Re2 Nxd4 20. exd4 Rxe2 21. Bxe2 Bxd2 22. Rd1 Bh6 23. Qc3 b5 24. b4 Re8 25. Bd3 Qf4 26. Ra1 Qd2 27. Qxd2 Bxd2 28. Bc2 Re1+ 29. Rxe1 Bxe1 30. Bb3 c6 31. Kf1 Bc3 32. Ke2 Bxd4 33. Kd3 Bg1 34. h3 0-1